Na investície niet prostriedkov Neutešený stav stravovacej prevádzky vo FN L. Pasteura v Košiciach

Podrobná bibliografia
Hlavný autor: (jps) (Autor)
Médium: Článok
Jazyk:slovenčina
Predmet:

MARC

LEADER 00000nab a2200000 a 4500
001 vtls000928413
003 SK-MaSNL
005 20260303210938.0
008 140303e20020000xo 0 slo
035 |a KE37290 
040 |a KEVKJB  |b slo  |c KEVKJB  |e AACR2 
041 0 |a slo 
044 |a xo  |c SK 
080 |a 362.11/.12  |2 1981 
100 0 |a (jps)  |4 aut  |9 839585 
245 1 0 |a Na investície niet prostriedkov  |b Neutešený stav stravovacej prevádzky vo FN L. Pasteura v Košiciach 
610 2 7 |a Fakultná nemocnica L. Pasteura (Košice, Slovensko)  |2 KEVKJB  |9 29655 
650 0 7 |a medicína  |2 KEVKJB  |9 899 
650 0 7 |a stravovanie pacientov  |2 KEVKJB  |9 1243297 
650 0 7 |a priestory nevyhovujúce  |2 KEVKJB  |9 877430 
650 0 7 |a problémy finančné  |2 KEVKJB  |9 873460 
651 7 |a Košice (Slovensko)  |2 KEVKJB  |9 18694 
773 0 8 |t Zdravotnícke noviny  |g Roč. 7, č.43 (2002), s. 7 
852 |a ZVYKNI  |b KIS3GCP 
999 |c 2202467  |d 2204397